Statistics for New Zealand Rugby All Blacks - Started a World Cup Final

Click here to take the quiz!

General Stats

  • This quiz has been taken 222 times
    (126 since last reset)
  • The average score is 42 of 52

Answer Stats

Number Player % Correct
7Richard McCaw
98%
12Ma'a Nonu
98%
13Conrad Smith
97%
15Ben Smith
97%
9Aaron Smith
95%
10Daniel Carter
94%
8Kieran Read
94%
11Jonah Lomu
93%
10Aaron Cruden
91%
5Sam Whitelock
90%
15Israel Dagg
90%
6Jerome Kaino
90%
2Keven Mealamu
89%
9Piri Weepu
89%
2Sean Fitzpatrick
89%
2Dane Coles
87%
3Owen Franks
86%
7Michael Jones
86%
4Brodie Retallick
86%
11Julian Savea
85%
10Andrew Mehrtens
85%
4Ian Jones
84%
14Jeff WIlson
84%
1Tony Woodcock
83%
10Grant Fox
83%
8Zinzan Brooke
82%
5Robin Brooke
82%
14John Kirwan
82%
14Nehe Milner-Skudder
82%
9David Kirk
82%
14Cory Jane
82%
4Brad Thorn
78%
15John Gallagher
77%
13Frank Bunce
77%
11Richard Kahui
76%
12Walter Little
76%
13Joe Stanley
75%
1Joe Moody
75%
15Glen Osborne
74%
5Gary Whetton
74%
6Alan Whetton
74%
8Wayne Shelford
74%
3Olo Brown
72%
1Craig Dowd
71%
7Josh Kronfeld
70%
9Graeme Bachop
69%
11Craig Green
69%
12Warwick Taylor
67%
1Steve McDowall
62%
6Mike Brewer
59%
3John Drake
56%
4Murray Pierce
56%

Score Distribution

Percentile by Number Answered

Percent of People with Each Score

Your Score History

You have not taken this quiz since the last reset